Ekonómia 2

Salvato in:
Dettagli Bibliografici
Autore principale: Samuelson, Paul A.
Altri autori: Nordhaus, William D., Iša, Ján, Sobek, Otto
Natura: Libro
Lingua:slovacco
Pubblicazione: Bratislava Bradlo 1992
Edizione:1. vyd.
Soggetti:
Tags: Aggiungi Tag
Nessun Tag, puoi essere il primo ad aggiungerne!!

MARC

LEADER 00000nam a2200000 4500
001 c001977
005 20230220124051.9
020 |a 80-7127-031-8 
041 0 |a slo 
044 |a SK 
245 1 0 |a Ekonómia 2  |c Paul A. Samuelson, William D. Nordhaus ; [z angl. orig. ... prel. Jan Iša a Oto Sobek] 
250 |a 1. vyd. 
264 1 |a Bratislava  |b Bradlo  |c 1992 
300 |a 550 s. 
610 2 0 |a ekonómia 
610 2 0 |a mikroekonomika 
610 2 0 |a ponuka 
610 2 0 |a dopyt 
610 2 0 |a trh 
610 2 0 |a mzdy 
610 2 0 |a renta 
610 2 0 |a zisk 
610 2 0 |a efektívnosť ekonomická 
610 2 0 |a štát 
610 2 0 |a rast hospodársky 
610 2 0 |a obchod medzinárodný 
100 1 |a Samuelson, Paul A. 
700 1 |a Nordhaus, William D. 
700 1 |a Iša, Ján 
700 1 |a Sobek, Otto